<?xml version="1.0" encoding="UTF-8"?>
<record
    xmlns:xsi="http://www.w3.org/2001/XMLSchema-instance"
    xsi:schemaLocation="http://www.loc.gov/MARC21/slim http://www.loc.gov/standards/marcxml/schema/MARC21slim.xsd"
    xmlns="http://www.loc.gov/MARC21/slim">

  <leader>03232nam a2200253 u 4500</leader>
  <controlfield tag="001">24808</controlfield>
  <controlfield tag="005">20260504074558.0</controlfield>
  <controlfield tag="008">960313s1976                        spa  </controlfield>
  <datafield tag="035" ind1=" " ind2=" ">
    <subfield code="a">24808</subfield>
  </datafield>
  <datafield tag="035" ind1=" " ind2=" ">
    <subfield code="a">(OCoLC)778065778</subfield>
  </datafield>
  <datafield tag="040" ind1=" " ind2=" ">
    <subfield code="c">comduadb</subfield>
  </datafield>
  <datafield tag="041" ind1=" " ind2=" ">
    <subfield code="a">spa</subfield>
  </datafield>
  <datafield tag="082" ind1=" " ind2="4">
    <subfield code="a">512</subfield>
  </datafield>
  <datafield tag="100" ind1="1" ind2="0">
    <subfield code="a">Villamayor, Orlando E</subfield>
    <subfield code="4">aut</subfield>
    <subfield code="e">aut</subfield>
    <subfield code="9">240404</subfield>
  </datafield>
  <datafield tag="245" ind1="1" ind2="0">
    <subfield code="a">Estructuras algebraicas IV : &#xE1;lgebra multilineal</subfield>
  </datafield>
  <datafield tag="260" ind1=" " ind2=" ">
    <subfield code="a">Washington, DC :</subfield>
    <subfield code="b">Organizaci&#xF3;n de los Estados Americanos,</subfield>
    <subfield code="c">1976.</subfield>
  </datafield>
  <datafield tag="300" ind1=" " ind2=" ">
    <subfield code="a">78 p&#xE1;ginas</subfield>
  </datafield>
  <datafield tag="490" ind1="0" ind2=" ">
    <subfield code="a">Serie de matem&#xE1;tica, monograf&#xED;a ;</subfield>
    <subfield code="v">16</subfield>
  </datafield>
  <datafield tag="505" ind1=" " ind2=" ">
    <subfield code="a">CONTENIDO : A los lectores. -- Introducci&#xF3;n. -- Cap&#xED;tulo primero. Aplicaciones lineales y dualidad. Sucesiones exactas ; M&#xF3;dulos proyctivos ; Dual de un m&#xF3;dulo ; M&#xF3;dulos reflexivos ; ejercicios. -- Cap&#xED;tulo segundo. Aplicaciones multilineales. Aplicaciones multilineales ; Producto tensorial de espacios y vectoriales ; Producto tensorial de m&#xF3;dulos : caso conmutativo ; Producto tensorial de m&#xF3;dulos : caso no conmutativo ; Producto tensorial y sucesiones exactas ; Los grupos Tor1 y Ext1 ; Producto tensorial de productos y sumas directas ; Asociatividad del producto tensorial ; Extensi&#xF3;n del anillo de escalares ; Ejercicios. -- Cap&#xED;tulo tercero. Aplicaciones multilineales sim&#xE9;tricas. Aplicaciones multilineales sim&#xE9;tricas ; Potencia sim&#xE9;trica de un m&#xF3;dulo ; Potencia sim&#xE9;trica de un m&#xF3;dulo proyectivo ; Extensi&#xF3;n del anillo de escalares ; Potencia sim&#xE9;trica de una aplicaci&#xF3;n lineal inyectiva ; Ejercicios.  -- Cap&#xED;tulo cuarto. Aplicaciones multilineales alternadas. Aplicaciones multilineales alteradas y antisim&#xE9;tricas ; Potencia exterior de un m&#xF3;dulo ; Potencia exterior de un m&#xF3;dulo proyectivo ; Extensi&#xF3;n del anillo de escalares ; Potencia exterior de una aplicaci&#xF3;n lineal inyectiva ; Determinante de un endomorfismo ; Dual de una potencia exterior ; El teorema de Sylvester - Franke ; Ejercicios. -- Cap&#xED;tulo quinto. Localizaci&#xF3;n. M&#xF3;dulos y anillos de fracciones ; Lemas de Nakayama y de Globalizaci&#xF3;n ; Potencias tensoriales libres ; Potencias sim&#xE9;tricas libres ; Potencias exteriores libres ; Ejercicios. -- &#xCD;ndice de notaciones. -- Bibliograf&#xED;a.</subfield>
  </datafield>
  <datafield tag="520" ind1="3" ind2=" ">
    <subfield code="a">RESUMEN : Esta monograf&#xED;a presenta una introducci&#xF3;n al &#xE1;lgebra multilineal. En ella se presupone el conocimiento de los elementos del &#xE1;lgebra lineal. El primer cap&#xED;tulo, de recapitulaci&#xF3;n, contiene algunos conceptos de &#xE1;lgebra lineal frecuentemente utilizados en el texto. El segundo tiene por objeto la definici&#xF3;n y estudio de las propiedades b&#xE1;sicas del producto tensorial, a partir de la noci&#xF3;n de aplicaci&#xF3;n multilineal. Adem&#xE1;s ofrece las definiciones de Tor1 y Ext1 utilizadas en ese mismo cap&#xED;tulo. En los cap&#xED;tulos terceros y cuarto se estudian, respectivamente, la protencia sim&#xE9;trica y la potencia exterior de un m&#xF3;dulo, deducidas, en forma natural, de los conceptos de transformaciones sim&#xE9;tricas y alternadas. Por fin, en el &#xFA;ltimo se estudian los m&#xE9;todos de localizaci&#xF3;n y globalizaci&#xF3;n, sus aplicaciones al &#xE1;lgebra multilineal, y algunas propiedades especiales de los anillos locales.</subfield>
  </datafield>
  <datafield tag="650" ind1=" " ind2="7">
    <subfield code="a">&#xC1;lgebra lineal</subfield>
    <subfield code="2">embne</subfield>
    <subfield code="9">119307</subfield>
  </datafield>
  <datafield tag="700" ind1="1" ind2="0">
    <subfield code="a">Micali, Artibano</subfield>
    <subfield code="4">aut</subfield>
    <subfield code="e">aut</subfield>
    <subfield code="9">243701</subfield>
  </datafield>
  <datafield tag="942" ind1=" " ind2=" ">
    <subfield code="c">BOOK</subfield>
  </datafield>
  <datafield tag="999" ind1=" " ind2=" ">
    <subfield code="c">39654</subfield>
    <subfield code="d">39654</subfield>
  </datafield>
  <datafield tag="952" ind1=" " ind2=" ">
    <subfield code="0">0</subfield>
    <subfield code="1">0</subfield>
    <subfield code="2">ddc</subfield>
    <subfield code="4">0</subfield>
    <subfield code="7">0</subfield>
    <subfield code="8">GENERAL</subfield>
    <subfield code="a">CARME</subfield>
    <subfield code="b">CARME</subfield>
    <subfield code="d">2022-01-19</subfield>
    <subfield code="e">Material adquirido por donaci&#xF3;n</subfield>
    <subfield code="f">DONA</subfield>
    <subfield code="g">10000.00</subfield>
    <subfield code="i">C13319037</subfield>
    <subfield code="l">0</subfield>
    <subfield code="o">512.5 M619e</subfield>
    <subfield code="p">01088235</subfield>
    <subfield code="r">2023-04-20 00:00:00</subfield>
    <subfield code="t">2</subfield>
    <subfield code="w">2023-04-20</subfield>
    <subfield code="y">BOOK</subfield>
  </datafield>
  <datafield tag="952" ind1=" " ind2=" ">
    <subfield code="0">0</subfield>
    <subfield code="1">0</subfield>
    <subfield code="4">0</subfield>
    <subfield code="7">0</subfield>
    <subfield code="8">GEN</subfield>
    <subfield code="a">BC</subfield>
    <subfield code="b">BC</subfield>
    <subfield code="d">2022-08-02</subfield>
    <subfield code="e">Material adquirido por donaci&#xF3;n</subfield>
    <subfield code="i">C13325482</subfield>
    <subfield code="l">0</subfield>
    <subfield code="o">512.5 M619e</subfield>
    <subfield code="p">61000003529704</subfield>
    <subfield code="r">2024-11-13 00:00:00</subfield>
    <subfield code="t">3</subfield>
    <subfield code="w">2023-04-20</subfield>
    <subfield code="y">BOOK</subfield>
  </datafield>
</record>
